"American" - All Lyrics (Lana Del Rey) - Statistics

General Stats
  • This quiz has been taken 21 times
  • The average score is 206 of 263
Answer Stats
Lyrics % Correct
a
100%
American
100%
me
100%
an
92%
can
92%
I
92%
is
92%
like,
92%
Like
92%
like
92%
my
92%
ooh,
92%
ooh
92%
Ooh,
92%
so
92%
that
92%
ya
92%
You
92%
you
92%
your
92%
Your
92%
"You're
92%
crazy,
83%
crystal
83%
don't
83%
down,
83%
favorite
83%
Get
83%
get
83%
get,
83%
girls
83%
go
83%
guy
83%
house,
83%
it
83%
Just
83%
make
83%
method
83%
on
83%
Play
83%
pretty"
83%
put
83%
record
83%
sing"
83%
skin
83%
the
83%
think?"
83%
was
83%
were
83%
wild
83%
baby,
75%
"Hell
75%
hell
75%
'round
75%
spin
75%
with
75%
yeah,
75%
yes
75%
Be
67%
be
67%
brown
67%
child
67%
city
67%
driving
67%
Elvis
67%
even
67%
Flirtin'
67%
golden
67%
king,
67%
young,
67%
almost
58%
best,
58%
dope,
58%
dress
58%
have
58%
Honey,
58%
know
58%
LA,
58%
now
58%
party
58%
proud
58%
"Springsteen
58%
taste
58%
to
58%
But
50%
everybody
50%
Everybody
50%
fast,
50%
I'm
50%
tall,
50%
tan,
50%
they
50%
want
50%
wants
50%
can't
42%
Drive
42%
really
42%
said
42%
sick,
42%
what
42%
ahead
33%
compare
33%
fake
33%
for
33%
praying
33%
trend,
33%
of
25%
Only
25%
rest
25%
saying,
25%
take
25%
there
25%
way
25%
No matching quizzes found
Score Distribution
Percent of People with Each Score
Percentile by Number Answered
Your Score History
You have not taken this quiz